Los Efectos de la introducción del quórum deliberativo en las sesiones de la Asamblea Nacional /
שמור ב:
| מחבר ראשי: | |
|---|---|
| פורמט: | Texto |
| נושאים: | |
| תגים: |
הוספת תג
אין תגיות, היה/י הראשונ/ה לתייג את הרשומה!
|
MARC
| LEADER | 00000 a a2200000 04500 | ||
|---|---|---|---|
| 001 | 9418 | ||
| 003 | |||
| 040 | |||
| 100 | |a González Gómez, Agapito | ||
| 245 | |a Los Efectos de la introducción del quórum deliberativo en las sesiones de la Asamblea Nacional / |c Agapito González Gómez | ||
| 650 | |a VOTACION | ||
| 650 | |a PODER LEGISLATIVO | ||
| 650 | |a POLITICA | ||
| 650 | |a PANAMA | ||
| 773 | |g número 468 -469; páginas 136-1147 | ||
| 999 | |c 26954 |d 26954 | ||
